[Event "Regionalliga NW9899"]
[Site "Bayern"]
[Date "1999.??.??"]
[Round "?"]
[White "Neubert, Marcus"]
[Black "Bucka, Reinhard"]
[Result "0-1"]
[WhiteElo "2060"]
[BlackElo "2135"]

1.Nf3 Nf6 2.c4 c5 3.Nc3 g6 4.g3 Bg7 5.Bg2 O-O 6.O-O d5 7.cxd5 Nxd5 8.Ne1 Nxc3
9.bxc3 Bxc3 10.Rb1 Nc6 11.Bxc6 bxc6 12.Qc2 Bd4 13.e3 Bf5 14.d3 Bf6 15.Ba3 Qa5
16.Bxc5 Rab8 17.Rb3 Rxb3 18.axb3 Rd8 19.e4 Be6 20.b4 Qb5 21.Bxa7 Bh3 22.Ng2 Rxd3
23.Bc5 Rc3 24.Qd2 Qd3 25.Qxd3 Rxd3 26.Rb1 Bg4 27.h3 Bc8 28.Nf4 Rd7 29.b5 cxb5
30.Rxb5 Bb7 31.Nd5 Bxd5 32.exd5 Rxd5 33.Rb8+ Kg7 34.Be3 Rd3 35.Rb7 h5 36.Kg2 g5
37.g4 hxg4 38.hxg4 Kg6 39.Rb5 e6 40.Kf3 Rd5 41.Rb4 Be5 42.Rc4 f5 43.gxf5+ Kxf5
44.Ra4 Rb5 45.Rc4 Rb3 46.Ke2 g4 47.Rc2 Ra3 48.Bc5 Ra4 49.Be3 Ke4 50.Bc5 Bf4
51.Rb2 Kf5 52.Rc2 e5 53.Bb6 Bg5 54.Bc5 Bf4 55.Bb6 Ra1 56.Bc5 Rh1 57.Rc4 Rb1
58.Rc2 Ke4 59.Rc4+ Kd5 60.Rc2 Rh1 61.Bb6 Rh2 62.Kf1 Ke4 63.Rc3 Rh1+ 64.Kg2 Rh2+
65.Kg1 Rh6 66.Be3 Rh3 67.Rc4+ Kd3 68.Rxf4 exf4 69.Bxf4 Ke4 70.Be3 Kf3 71.Bd4 Rh5
72.Be3 g3  0-1

[Event "Regionalliga SO9899"]
[Site "Bayern"]
[Date "1999.??.??"]
[Round "?"]
[White "Gschwendtner, Stanislav"]
[Black "Knechtel, Roland"]
[Result "1-0"]
[WhiteElo "2060"]
[BlackElo "2130"]

1.c4 c5 2.Nf3 Nf6 3.Nc3 b6 4.g3 Bb7 5.Bg2 e6 6.O-O a6 7.Re1 d6 8.e4 Nbd7
9.d4 cxd4 10.Nxd4 Rc8 11.e5 Bxg2 12.exf6 Ba8 13.fxg7 Bxg7 14.Nf5 Bf8 15.Rxe6+ Be7
16.Nxd6+ Kf8 17.Bh6+ Kg8 18.Qg4+ Bg5 19.Re8+  1-0

[Event "Landesliga Sued 9899"]
[Site "Bayern"]
[Date "1999.??.??"]
[Round "?"]
[White "Lang, Zalan Andreas"]
[Black "Matevzic, Christian"]
[Result "1/2-1/2"]
[WhiteElo "2205"]
[BlackElo "2195"]

1.c4 Nf6 2.Nc3 c5 3.Nf3 d5 4.cxd5 Nxd5 5.g3 Nc7 6.Bg2 Nc6 7.Qa4 Bd7 8.Qe4 f6
9.d4 cxd4 10.Nxd4 e5 11.Nc2 Be7  1/2-1/2

[Event "Berlin Tegel-B"]
[Site "Berlin"]
[Date "1999.??.??"]
[Round "6"]
[White "Ivanov, Mikhail M"]
[Black "Giemsa, Stephan"]
[Result "1-0"]
[WhiteElo "2510"]
[BlackElo "2295"]

1.Nf3 Nf6 2.c4 g6 3.Nc3 c5 4.d4 cxd4 5.Nxd4 Bg7 6.e4 O-O 7.Be2 Nc6 8.Be3 d6
9.O-O Re8 10.Rc1 Nxd4 11.Bxd4 Bh6 12.Rc2 e5 13.Be3 Bxe3 14.fxe3 Be6 15.Rd2 Qe7
16.Rxd6 Red8 17.Rxd8+ Rxd8 18.Nd5 Bxd5 19.exd5 Ne4 20.Qc2 f5 21.Bf3 Nf6 22.e4 f4
23.c5 Rc8 24.Rc1 g5 25.d6 Qg7 26.Qc4+ Kh8 27.Bg4 Rf8 28.Bf5 f3 29.g3 Qh6
30.Rc2 g4 31.Qd3 Qh3 32.b4 a6 33.a4 Nh5 34.Qxf3  1-0

[Event "Cappelle op"]
[Site "Cappelle la Grande"]
[Date "1999.??.??"]
[Round "9"]
[White "Bagirov, Vladimir"]
[Black "Guidarelli, Laurent"]
[Result "1-0"]
[WhiteElo "2493"]
[BlackElo "2272"]

1.Nf3 Nf6 2.c4 c5 3.Nc3 g6 4.d4 cxd4 5.Nxd4 Bg7 6.e4 Nc6 7.Be3 O-O 8.Be2 b6
9.O-O Bb7 10.f3 Qb8 11.Qd2 Rd8 12.Rad1 d6 13.Rfe1 Rd7 14.Bf1 Qf8 15.g4 e6
16.Nxc6 Bxc6 17.Qf2 Rad8 18.Rd3 Ne8 19.Red1 h6 20.Bg2 Nc7 21.f4 Na6 22.f5 Qe7
23.Bd4 Bxd4 24.Rxd4 Kg7 25.Qg3 e5 26.R4d2 g5 27.Qe3 f6 28.Bf1 Rh8 29.Be2 Qd8
30.Rb1 Nc7 31.b4 Qe7 32.a4 Rb8 33.b5 Ba8 34.a5 Ne8 35.Ra1 Rc7 36.Rda2 Qd8
37.Kf2 Qc8 38.h4 Rd7 39.axb6 axb6 40.Ra6 Bb7 41.Rxb6 Nc7 42.Rd1 Qd8 43.hxg5 hxg5
44.Rh1 Na8 45.Rxb7 Rdxb7 46.Nd5 Rf7 47.Rh5 Nb6 48.Qh3 Nxd5 49.Rh7+ Kf8 50.Rh8+ Ke7
51.Rxd8 Nf4 52.Rxb8  1-0

[Event "Clichy"]
[Site "Clichy"]
[Date "1999.??.??"]
[Round "1"]
[White "Daillet, Emmanuel"]
[Black "Derieux, Christian"]
[Result "1/2-1/2"]
[WhiteElo "2279"]
[BlackElo "2209"]

1.c4 Nf6 2.Nc3 c5 3.Nf3 d5 4.cxd5 Nxd5 5.g3 Nc6 6.Bg2 Nc7 7.O-O e5 8.d3 Be7
9.Nd2 Bd7 10.Nc4 f6 11.f4 b5 12.Ne3 exf4 13.gxf4 Rb8 14.a4 b4 15.Ncd5 O-O
16.Nxe7+ Qxe7 17.Nd5 Nxd5 18.Bxd5+ Kh8 19.e4 Nd4 20.Be3 Be6 21.Bxe6 Qxe6
22.Rc1 Rbc8 23.f5 Qf7 24.Qe1 Qb3 25.Bxd4 cxd4 26.Qd1 Qxb2 27.Rb1 Qc3 28.a5 Qc5
29.Qa4 Rb8 30.Rfc1 Qd6 31.Rc4 g6 32.Rcxb4 Rbd8 33.Rf1 Rg8 34.Kh1 gxf5 35.Rxf5 Rg6
36.Rb2 Rdg8 37.Qd1 Qa3 38.Rd2 Qc3 39.Rff2 Qxa5 40.Rf1 Qg5 41.Ra2 Qe3 42.Re1 Qh3
43.Qe2 Qd7 44.Qf2 Qh3 45.Rxa7  1/2-1/2

[Event "Clichy Evaluation 3"]
[Site "Clichy"]
[Date "1999.??.??"]
[Round "3"]
[White "Lopez, Jorge"]
[Black "Guilbert, H."]
[Result "1/2-1/2"]
[WhiteElo "2185"]
[BlackElo "2030"]

1.Nf3 c5 2.c4 Nf6 3.Nc3 e6 4.g3 b6 5.Bg2 Bb7 6.O-O d6 7.d4 cxd4 8.Nxd4 Bxg2
9.Kxg2 Be7 10.Qa4+ Nfd7 11.Rd1 O-O 12.Qc2 a6 13.b3 Nf6 14.Bb2 Qc7 15.Qd3 Nbd7
16.f4 g6 17.Qf3 Rac8 18.Rac1 Rfe8 19.Nc2 Qb8 20.Ne3 b5 21.Ne4 b4 22.Nxf6+ Bxf6
23.Bxf6  1/2-1/2

[Event "DEN-chT 9899"]
[Site "Denmark"]
[Date "1999.??.??"]
[Round "5"]
[White "Bang, Andreas"]
[Black "Rath, Ulrik"]
[Result "1/2-1/2"]
[WhiteElo "2305"]
[BlackElo "2370"]

1.Nf3 Nf6 2.c4 c5 3.Nc3 e6 4.g3 b6 5.Bg2 Bb7 6.O-O Be7 7.Re1 d5 8.cxd5 Nxd5
9.e4 Nb4 10.d4 cxd4 11.Nxd4 N8c6 12.Nxc6 Nxc6 13.Qa4 Qd4 14.e5 Qxa4 15.Nxa4 O-O
16.Be3 Na5 17.Bxb7 Nxb7 18.Rac1 Rfc8 19.Red1 Kf8 20.Rxc8+ Rxc8 21.Rd7 Rb8  1/2-1/2

[Event "Cataluna Club op"]
[Site "ESP"]
[Date "1999.??.??"]
[Round "?"]
[White "Martin Garcia, Carlos"]
[Black "Lazaro Porta, Angel"]
[Result "1-0"]
[WhiteElo "2130"]
[BlackElo "2130"]

1.Nf3 c5 2.c4 Nf6 3.Nc3 g6 4.d4 cxd4 5.Nxd4 Nc6 6.e4 d6 7.Be2 Bg7 8.Be3 Bd7
9.O-O O-O 10.f3 Ne8 11.Qd2 Nc7 12.Rac1 Ne6 13.Nxe6 Bxe6 14.Nd5 b6 15.Rfd1 Rc8
16.b4 Ne5 17.c5 Bxd5 18.exd5 dxc5 19.bxc5 bxc5 20.Rxc5 Rxc5 21.Bxc5 Qd7 22.Qe3 Rc8
23.f4 Ng4 24.Qxe7 Qxe7 25.Bxe7 Ne3 26.Rd3 Nf5 27.Ba3 Nd4 28.Bd1 Nb5 29.Bb4 Nc3
30.d6 Nxd1 31.d7 Rd8 32.Rxd1 Bf8 33.Ba5 Bc5+ 34.Kf1 Bb6 35.Bb4 Ra8 36.Rc1 Rd8
37.Rd1 Ra8 38.Be7 Bd8 39.Bd6 Kg7 40.Rc1  1-0

[Event "Cataluna Club op"]
[Site "ESP"]
[Date "1999.??.??"]
[Round "?"]
[White "Escudero Martinez, Albert"]
[Black "Jordan Garcia, Josep Maria"]
[Result "0-1"]
[WhiteElo "1905"]
[BlackElo "1945"]

1.c4 c5 2.Nc3 Nf6 3.Nf3 g6 4.g3 Bg7 5.Bg2 O-O 6.O-O d5 7.d3 Nc6 8.b3 dxc4
9.bxc4 Ne4 10.dxe4 Bxc3 11.Bh6 Bg7 12.Bxg7 Kxg7 13.Qd5 Qxd5 14.exd5 Na5 15.Nd2 Rb8
16.Rab1 e6 17.e4 a6 18.Rb6 exd5 19.cxd5 Bd7 20.Rc1 Rbc8 21.Bf1 c4 22.f3 Bb5
23.Nb1 Rc5 24.Rc3 f5 25.Nd2 fxe4 26.fxe4 Rf6 27.Rxf6 Kxf6 28.Kf2 Bd7 29.Nf3 b5
30.e5+ Kg7 31.e6 Bc8 32.Bh3 Nb7 33.e7 Nd6 34.Bxc8 Rxc8 35.Re3 Re8 36.Re6 Nb7
37.d6 Nc5 38.Ke3 Nxe6 39.Ke4 Kf6 40.Ne5 Rxe7 41.dxe7 Kxe7 42.Nc6+ Kd6 43.Nb4 a5
44.Nc2 b4 45.Ne3 Kc5 46.Nd1 Nd4 47.Nb2 Nc6 48.Na4+ Kb5 49.Nb2 a4 50.Ke3 b3
51.Nd1 Kb4 52.axb3 cxb3 53.Kd3 a3  0-1

[Event "Euskadi-ch13"]
[Site "Euskadi"]
[Date "1999.??.??"]
[Round "5"]
[White "Salinero, JM."]
[Black "Varas, Carlos"]
[Result "0-1"]
[WhiteElo "2160"]
[BlackElo "2290"]

1.Nf3 c5 2.c4 Nf6 3.Nc3 e6 4.g3 b6 5.Bg2 Bb7 6.O-O Be7 7.b3 O-O 8.Bb2 a6
9.e3 Ne4 10.d4 Bf6 11.Qc2 Nxc3 12.Bxc3 cxd4 13.Nxd4 Bxg2 14.Kxg2 Qc7 15.Rac1 Qb7+
16.Kg1 d6 17.Rfd1 Nd7 18.Ne2 Be7 19.Qb2 Nf6 20.Nf4 b5 21.Bxf6 Bxf6 22.Qe2 Rfd8
23.e4 Bg5 24.Rc2 Rac8 25.Ng2 g6 26.h4 Bh6 27.f4 Bg7 28.Ne1 bxc4 29.Rxc4 Rxc4
30.Qxc4 Rc8 31.Qe2 Rc3 32.Rxd6 Rxg3+ 33.Kh2 Rc3 34.Ng2 h5 35.e5 a5 36.Rd3 Rc5
37.Qf3 Qc7 38.a4 Rc2 39.Qa8+ Kh7 40.Qf3 Qa7 41.Qe3 Qc7 42.Rd2 Rc3 43.Rd3 Rc6
44.Qd4 Qb7 45.Rc3 Rb6 46.Qc5 Qa6 47.Qe7 Rb7 48.Qd8 Qa7 49.Qd6 Bh6 50.Qc5 Qxc5
51.Rxc5 Rxb3 52.Rxa5 Rf3 53.Ne1 Bxf4+ 54.Kg2 Re3 55.Nf3 Kg7 56.Kf2 Re4 57.Kg2 Re2+
58.Kf1 Ra2 59.Ra8 Bg3 60.Kg1 Rf2 61.Nd4 Bxh4 62.a5 Ra2 63.Nc6 Rc2 64.Rc8 Ra2
65.Ra8 Bf2+ 66.Kg2 g5  0-1

[Event "FIN-chT9899"]
[Site "FIN"]
[Date "1999.??.??"]
[Round "8"]
[White "Seppanen, Asko"]
[Black "Turunen, Markus"]
[Result "1-0"]
[WhiteElo "2210"]
[BlackElo "2071"]

1.c4 c5 2.Nf3 Nf6 3.Nc3 e6 4.g3 b6 5.Bg2 Bb7 6.O-O Be7 7.Re1 d6 8.e4 O-O
9.d4 cxd4 10.Nxd4 Qc8 11.b3 a6 12.Bb2 Nbd7 13.Qe2 Qc7 14.Rad1 Rfe8 15.Rd2 Bf8
16.h3 Rac8 17.Nc2 Qb8 18.f4 e5 19.f5 Qa8 20.Nb4 Red8 21.Bf3 g6 22.fxg6 hxg6
23.Kh2 Nc5 24.Nbd5 Nfd7 25.Qe3 Qb8 26.Bg4 b5 27.Rf1 Ne6 28.Rdf2 Bc6 29.Bxe6 fxe6
30.Qg5 Bg7 31.Ne7+  1-0

[Event "Oberliga Nord N9899"]
[Site "GER"]
[Date "1999.??.??"]
[Round "?"]
[White "Hochgraefe, Markus"]
[Black "Csom, Istvan"]
[Result "1/2-1/2"]
[WhiteElo "2305"]
[BlackElo "2475"]

1.c4 Nf6 2.Nc3 c5 3.Nf3 b6 4.e3 e6 5.d4 cxd4 6.exd4 Bb7 7.Bd3 Be7 8.O-O h6
9.a3 O-O 10.b4 d6 11.Bf4 Nbd7 12.Re1 a6 13.h3 Re8 14.Bh2 Bf8 15.Rb1 Rc8 16.a4 Nb8
17.Re3 Ba8 18.Qb3 Bxf3 19.Rxf3 Nc6 20.Ne2 a5 21.bxa5 bxa5 22.d5 Rb8 23.Qd1 Rxb1
24.Bxb1 exd5 25.cxd5 Nb4 26.Nc3 Nbxd5 27.Nxd5 Nxd5 28.Ba2 Nf6 29.Rd3 d5 30.Bg3 Bb4
31.Bxd5 Qc8 32.f3 Nxd5 33.Rxd5 Qc6 34.Kh2 g6 35.Rd8 h5 36.Rxe8+ Qxe8 37.Bc7 Kg7
38.Qb3 Qc8 39.Be5+ Kh7 40.Bf4 Qe8 41.Qd1 Kg7 42.Qd4+ Kh7  1/2-1/2

[Event "Oberliga Ost A9899"]
[Site "GER"]
[Date "1999.??.??"]
[Round "?"]
[White "Koopmann, Rolf"]
[Black "Schulenburg, Bernd"]
[Result "1-0"]
[WhiteElo "2240"]
[BlackElo "2240"]

1.Nf3 Nf6 2.c4 c5 3.Nc3 b6 4.e4 d6 5.Bd3 e5 6.Bc2 Be7 7.Ba4+ Bd7 8.d3 h6
9.O-O Na6 10.Ne1 Nc7 11.f4 Bxa4 12.Qxa4+ Qd7 13.Qc2 Ne6 14.fxe5 dxe5 15.Nf3 Nd4
16.Qf2 Nxf3+ 17.Qxf3 O-O-O 18.Nd5 Rdf8 19.Bd2 Nxd5 20.cxd5 g6 21.Qg3 Bd6
22.Rf6 Re8 23.Raf1 Rh7 24.Qh3 Re7 25.Rxd6  1-0

[Event "Oberliga Ost B9899"]
[Site "GER"]
[Date "1999.??.??"]
[Round "?"]
[White "Sehrt, Juergen"]
[Black "Holfelder, Hans Joachim"]
[Result "0-1"]
[WhiteElo "2235"]
[BlackElo "2205"]

1.c4 Nf6 2.Nc3 c5 3.Nf3 d5 4.cxd5 Nxd5 5.g3 Nc6 6.Bg2 Nc7 7.O-O e5 8.d3 Be7
9.Nd2 Bd7 10.Nc4 f6 11.f4 b5 12.Ne3 O-O 13.a4 b4 14.Ncd5 Nxd5 15.Bxd5+ Kh8
16.f5 Rc8 17.g4 Nd4 18.Bc4 Bc6 19.b3 Qd6 20.Bb2 Rfd8 21.Qe1 Ba8 22.Bxd4 Qxd4
23.Qf2 e4 24.h3 exd3 25.exd3 Bd6 26.Ng2 Be5 27.Rae1 Qd6 28.Rxe5 Qxe5 29.Nf4 Qd4
30.Ne6 Qxf2+ 31.Kxf2 Rd6 32.Rc1 Bd5 33.Bxd5 Rxd5 34.d4 g6 35.Kf3 gxf5 36.gxf5 Rxf5+
37.Ke4 Rh5  0-1

[Event "Oberliga Nord N9899"]
[Site "GER"]
[Date "1999.??.??"]
[Round "?"]
[White "Wendt, Jan Dietrich"]
[Black "Cording, Harm"]
[Result "1/2-1/2"]
[WhiteElo "2295"]
[BlackElo "2275"]

1.Nf3 Nf6 2.c4 c5 3.Nc3 g6 4.d4 cxd4 5.Nxd4 Bg7 6.e4 O-O 7.Be2 d6 8.O-O a6
9.Be3 b6 10.Qd2 Bb7 11.f3 Re8 12.Rac1 Nbd7 13.Rfd1 Rc8 14.Kh1 Qc7 15.Bf1 Qb8
16.Nc2 Bf8 17.Qf2 e6 18.Qh4 Bg7 19.Bh6 Ne5 20.Ne3 Bc6 21.Bg5 Ned7 22.a4 Nh5
23.Ng4 Bxc3 24.Rxc3 Bxa4 25.b3 Bc6 26.Be7 b5 27.Bxd6 Qb7 28.cxb5 Bxb5 29.Rxc8 Rxc8
30.Qe7 Bxf1 31.Rxf1 Qb5 32.Rg1 Kg7 33.e5 Nc5 34.Bxc5 Qxc5 35.Qg5 Qb4 36.Nf6  1/2-1/2

[Event "NRW-Liga II 9899"]
[Site "GER"]
[Date "1999.??.??"]
[Round "6"]
[White "Kaiser, Richard"]
[Black "Terhorst, Jochen"]
[Result "1/2-1/2"]
[WhiteElo "2315"]
[BlackElo "2220"]

1.Nf3 Nf6 2.c4 c5 3.Nc3 b6 4.g3 Bb7 5.Bg2 e6 6.O-O d6 7.d4 cxd4 8.Qxd4 a6
9.e4 Nbd7 10.Re1 Be7 11.b3 O-O 12.Ba3 Qc7 13.Rad1 Nc5 14.e5 dxe5 15.Qxe5 Rac8
16.Qxc7 Rxc7 17.Ne5 Bxg2 18.Kxg2 Rfc8 19.Re3 Kf8 20.Rf3 Ncd7 21.Bxe7+ Kxe7
22.Nxd7 Rxd7 23.Rxd7+ Kxd7 24.Na4 Kc6 25.Rd3 Rc7 26.Kf3 Nd7 27.Ke3 Nc5 28.Nxc5 Kxc5
29.a3 a5 30.Rd4 b5 31.cxb5 Kxb5 32.f4 Rc3+ 33.Rd3 Rc2 34.h4 Ra2 35.b4 axb4
36.axb4 Ra7 37.Rd4 Rc7 38.g4 Re7 39.Ke4 Ra7 40.h5 Re7 41.g5 Rc7 42.f5 exf5+
43.Kxf5 Re7 44.g6 fxg6+ 45.hxg6 hxg6+ 46.Kxg6 Rc7 47.Rf4 Rc4  1/2-1/2

[Event "NRW-Liga II 9899"]
[Site "GER"]
[Date "1999.??.??"]
[Round "6"]
[White "Simon, Hans Christian"]
[Black "Kharitonov, Alexander"]
[Result "0-1"]
[WhiteElo "2195"]
[BlackElo "2045"]

1.Nf3 Nf6 2.c4 c5 3.Nc3 d5 4.cxd5 Nxd5 5.d4 Nxc3 6.bxc3 g6 7.e3 Bg7 8.Bb5+ Nd7
9.O-O O-O 10.a4 Qc7 11.Ba3 b6 12.Qe2 Rd8 13.Rfd1 Bb7 14.e4 Nf6 15.Bd3 Rac8
16.a5 Nh5 17.Qe3 Nf4 18.Bf1 Ne6 19.Rab1 Qc6 20.a6 Ba8 21.d5 Qa4 22.Ra1 Qb3
23.Rdc1 Nc7 24.Nd2 Qa4 25.Bxc5 Qd7 26.Bd4 e5 27.dxe6 Nxe6 28.Nf3 Nc5 29.Rd1 Qe7
30.e5 Re8 31.Re1 Qc7 32.Bb5 Re7 33.Rad1 Bxf3 34.gxf3 Ne6 35.Qe4 Nc5 36.Qf4 Ne6
37.Qe3 Nc5 38.Qg5 Ne6 39.Qg4 h5 40.Qe4 Nc5 41.Qe3 Ne6 42.Kh1 Kh7 43.Ra1 Bh6
44.Qe2 Bf4 45.Rad1 Nc5 46.Qc4 Nxa6 47.Qa4 Nb8 48.e6 fxe6 49.Bf6 Rf7 50.Rxe6 Rcf8
51.Qe4 Qc5 52.Rd5 Qxf2 53.Rxh5+ Bh6 54.Bh4 Qxf3+ 55.Qxf3 Rxf3 56.Re7+ R8f7
57.Rhe5 Bg7 58.Rxf7 Rxf7 59.Re8 Nd7 60.Bc4 Rf4 61.Bg8+ Kh6 62.Be1 Nf6 63.Bd2 Nxe8
64.Bxf4+ g5 65.Bb8 a6 66.Bf7 Nf6 67.c4 Ne4 68.Kg2 Bd4 69.Kf3 Nc3 70.Bd6 Kg7
71.Be8 a5 72.Ba3 Kf6 73.h3 Ke5 74.Bf8 Kf6 75.Ba3 Ke5 76.Bf8 Ke6 77.Ba3 Bf6
78.Ke3 Be7 79.Bc1 Na2 80.Bb2 Nb4 81.Ke4 Na6 82.Bd4 Bc5 83.Bc3 Nb8 84.Bd2 Be7
85.Be3 Bd8 86.c5 bxc5 87.Bxc5 Nd7 88.Bxd7+ Kxd7 89.Kd5 Bf6 90.Ba3 Kc7 91.Ke6 Bd8
92.Bc1 Kc6 93.Bb2 a4 94.Bc1 Kc5 95.Kd7 Bf6 96.Ke6 Bd4 97.Bxg5 Kc4  0-1

[Event "NRW-Liga I 9899"]
[Site "GER"]
[Date "1999.??.??"]
[Round "8"]
[White "Kohlweyer, Bernd"]
[Black "Coenen, Norbert"]
[Result "1-0"]
[WhiteElo "2430"]
[BlackElo "2330"]

1.Nf3 c5 2.c4 Nf6 3.Nc3 d5 4.cxd5 Nxd5 5.d4 Nxc3 6.bxc3 g6 7.e4 Bg7 8.Rb1 O-O
9.Be2 b6 10.O-O Bb7 11.Qd3 e6 12.Bg5 Qd6 13.Qe3 Rc8 14.Rfd1 cxd4 15.cxd4 Qf8
16.h4 h6 17.Bf4 Nd7 18.e5 a6 19.a4 Bc6 20.Rdc1 h5 21.Ng5 Qd8 22.g4 hxg4 23.Bxg4 Nf8
24.h5 Bd5 25.Qh3 gxh5 26.Bxh5 Rxc1+ 27.Rxc1 Ra7 28.Kh2 f6 29.exf6 Qxf6 30.Be3 e5
31.Rc8 Bh6 32.Qg3 Rg7 33.dxe5 Qf5 34.Bg4 Qb1 35.Be6+ Bxe6 36.Rxf8+ Kxf8 37.Nxe6+ Kf7
38.Nxg7 Bxg7 39.e6+ Kg8 40.Qg4 Qc2 41.Bxb6 Qd3 42.Bc7 Qc3 43.Bg3 a5 44.Qe4 Qb4
45.Qd5 Qe7 46.Qd7  1-0

[Event "Alfoeld Cup op"]
[Site "Hajduszoboszlo"]
[Date "1999.??.??"]
[Round "4"]
[White "Lengyel, Laszlo"]
[Black "Kovacs, Tamas"]
[Result "1-0"]
[WhiteElo "2210"]
[BlackElo "2145"]

1.Nf3 c5 2.c4 Nf6 3.Nc3 e6 4.e4 d5 5.cxd5 exd5 6.exd5 Nxd5 7.Bb5+ Nc6 8.Qe2+ Be7
9.O-O Be6 10.Ne5 Qd6 11.f4 O-O 12.Bxc6 bxc6 13.b3 Rfe8 14.Bb2 Bf5 15.Nc4 Qg6
16.Ne5 Qd6 17.Nc4 Qg6 18.Ne5 Qe6 19.g4 Bc2 20.f5 Qd6 21.Nc4 Nxc3 22.Bxc3 Qd3
23.Qf2 Bg5 24.Rae1 Qd5 25.h4 Bf6 26.Ne3 Bd4 27.Bxd4 Qxd4 28.Nxc2 Qxg4+ 29.Qg2 Qxh4
30.Rxe8+ Rxe8 31.Ne3 Re4 32.f6 g6 33.Nf5  1-0

[Event "Havana Provincial"]
[Site "Havana"]
[Date "1999.??.??"]
[Round "?"]
[White "Li, Manuel"]
[Black "Garcia, Osmel"]
[Result "1-0"]
[WhiteElo "2325"]
[BlackElo "2355"]

1.Nf3 c5 2.c4 Nf6 3.Nc3 g6 4.d4 cxd4 5.Nxd4 Bg7 6.g3 Nc6 7.Nc2 O-O 8.Bg2 b6
9.O-O Bb7 10.b3 Rb8 11.Rb1 h5 12.h3 d6 13.Bb2 a6 14.Nd5 Ne8 15.Bxg7 Kxg7
16.a4 e6 17.Nc3 Qf6 18.Qd2 Ne5 19.f4 Nd7 20.e4 Qe7 21.Kh2 Kh7 22.Rbd1 Rd8
23.Qf2 Ba8 24.a5 Rb8 25.axb6 Rxb6 26.b4 Nc7 27.Rd3 a5 28.Na4 Rc6 29.c5 axb4
30.Nxb4 Rxc5 31.Nxc5 Nxc5 32.Re3 f5 33.exf5 gxf5 34.Bxa8 Rxa8 35.g4 Ne4 36.Qe1 d5
37.gxh5 Qc5 38.Nd3 Qc4 39.Rg1 Ra2+ 40.Re2 Nf6 41.Rxa2 Qxa2+ 42.Rg2 Qa3 43.Nc5 Qc3  1-0

[Event "Hessen-ch int"]
[Site "Hessen"]
[Date "1999.??.??"]
[Round "7"]
[White "Kortschnoj, Viktor"]
[Black "Majer, Damir"]
[Result "1-0"]
[WhiteElo "2675"]
[BlackElo "2245"]

1.c4 c5 2.Nf3 Nf6 3.Nc3 g6 4.e4 Bg7 5.d4 d6 6.Be2 O-O 7.O-O Bg4 8.d5 Nfd7
9.h3 Bxf3 10.Bxf3 Na6 11.Be2 Nc7 12.Be3 Rb8 13.Qd2 Re8 14.Rad1 a6 15.a4 Na8
16.Qc2 Qa5 17.Kh1 Bxc3 18.bxc3 Nc7 19.Kh2 Red8 20.Bg5 Re8 21.Bf4 b5 22.axb5 axb5
23.Ra1 Qb6 24.cxb5 c4 25.Be3 Nc5 26.Bxc4 Nxb5 27.Qb2 Rb7 28.Rfb1 Reb8 29.Qe2  1-0

[Event "HUN-chT29899"]
[Site "HUN"]
[Date "1999.??.??"]
[Round "?"]
[White "Palasti, Ferenc"]
[Black "Rovid, Kalman"]
[Result "0-1"]
[WhiteElo "2115"]
[BlackElo "2370"]

1.Nf3 Nf6 2.c4 c5 3.Nc3 d5 4.cxd5 Nxd5 5.Qb3 e6 6.g3 Nc6 7.Bg2 Be7 8.O-O O-O
9.d3 Na5 10.Qc2 Bd7 11.Ne5 Be8 12.Nxd5 exd5 13.Bd2 Nc6 14.Nf3 Rc8 15.a3 b6
16.Rac1 Bd7 17.Bf4 Re8 18.e4 Be6 19.Rfd1 Bf6 20.e5 Be7 21.Qd2 d4 22.Re1 a5
23.Ng5 Bxg5 24.Bxg5 Qd7 25.f4 a4 26.Qf2 Na5 27.Be4 Bf5 28.Rc2 Nb3 29.Qf3 b5
30.Rg2 c4 31.g4 Bxe4 32.Qxe4 Nc5 33.Qf5 Qxf5 34.gxf5 Nxd3 35.Bf6 g6 36.Rf1 c3
37.fxg6 fxg6 38.bxc3 dxc3 39.Rc2 Kf7 40.Bh4 Rc4 41.Bg3 Ke6 42.Rf3 Rd8 43.Kf1 Rdd4
44.Ke2 Nxf4+ 45.Bxf4 Rxf4 46.Rxf4 Rxf4 47.Rxc3 b4 48.axb4 Rxb4 49.Rh3 h5
50.Rg3 Kf5 51.Re3 Rb3  0-1

[Event "HUN-chT29899"]
[Site "HUN"]
[Date "1999.??.??"]
[Round "?"]
[White "Berebora, Ferenc"]
[Black "Zetocha, Claudiu"]
[Result "1/2-1/2"]
[WhiteElo "2415"]
[BlackElo "2360"]

1.c4 Nf6 2.Nc3 c5 3.Nf3 b6 4.d4 cxd4 5.Nxd4 Bb7 6.f3 g6 7.e4 d6 8.Be2 Bg7
9.Bg5 Nbd7 10.Qd2 Rc8 11.O-O O-O 12.Rac1 Re8 13.Rfd1 a6 14.Nd5 e6 15.Nxf6+ Bxf6
16.Bxf6 Nxf6 17.Qg5 Qe7  1/2-1/2

[Event "Godal mem"]
[Site "HUN"]
[Date "1999.??.??"]
[Round "7"]
[White "Halasz, Ferenc"]
[Black "Asztalos, Viktor"]
[Result "1/2-1/2"]
[WhiteElo "2090"]
[BlackElo "2255"]

1.Nf3 Nf6 2.c4 c5 3.Nc3 g6 4.g3 Bg7 5.Bg2 O-O 6.O-O Nc6 7.a3 d6 8.d4 cxd4
9.Nxd4 Bd7 10.Be3 Nxd4 11.Bxd4 Bc6 12.Nd5 Nxd5 13.Bxd5 Bxd5 14.Bxg7 Kxg7
15.cxd5  1/2-1/2

[Event "Balaton op"]
[Site "Hungary"]
[Date "1999.??.??"]
[Round "1"]
[White "Izso, Istvan"]
[Black "Tornai, Imre"]
[Result "0-1"]
[WhiteElo "2000"]
[BlackElo "2215"]

1.Nf3 c5 2.c4 Nf6 3.Nc3 e6 4.d3 Nc6 5.Bg5 h6 6.Bd2 Be7 7.g3 d5 8.cxd5 exd5
9.Bg2 Be6 10.O-O d4 11.Nb1 Qd7 12.Re1 O-O 13.Na3 Nd5 14.Nc2 Rad8 15.b3 Bh3
16.Bh1 f5 17.e3 dxe3 18.Nxe3 Nxe3 19.Rxe3 f4 20.Rxe7 Nxe7 21.Ne5 fxg3 22.hxg3 Qd4
23.Qe1 Rxf2 24.Qxf2 Qxa1+ 25.Kh2 Qxe5 26.Kxh3 Qh5+ 27.Kg2 Rxd3 28.Bf4 Rd1  0-1

[Event "Internet Wch sf2 1st"]
[Site "Internet"]
[Date "1999.??.??"]
[Round "1"]
[White "Van Wely, Loek"]
[Black "Dlugy, Maxim"]
[Result "0-1"]
[WhiteElo "2636"]
[BlackElo "2531"]

1.c4 c5 2.Nc3 Nf6 3.Nf3 g6 4.g3 Bg7 5.Bg2 O-O 6.O-O Nc6 7.e3 d5 8.cxd5 Nxd5
9.d4 cxd4 10.Nxd4 Nxd4 11.exd4 Be6 12.Qf3 Nxc3 13.bxc3 Rc8 14.Bg5 b6 15.Rfc1 Qd7
16.d5 Bg4 17.Qd3 h6 18.Bf4 Bf5 19.Qd2 g5 20.Be3 Rfd8 21.h4 gxh4 22.Bxh6 hxg3
23.Bxg7 gxf2+ 24.Qxf2 Kxg7 25.c4 Bg6 26.Rc3 Qf5 27.Rf3 Qg5 28.Rf1 Rf8 29.Rg3 Qe5
30.Bh3 Rxc4 31.Kg2 Qxd5+ 32.Kh2 Qe5 33.Qd2 Rc2 34.Qxc2 Qxg3+ 35.Kxg3 Bxc2
36.Rc1 Be4 37.Rc7 Kf6 38.Rxa7 Rb8 39.Rc7 e6 40.Kf4 Bd5 41.Bg4 Bxa2 42.Bh5 e5+
43.Ke3 Be6 44.Rc6 b5 45.Bg4 b4 46.Bxe6 fxe6 47.Rc2 b3 48.Rf2+ Ke7 49.Rb2 Rb4
50.Kd3 e4+ 51.Kc3 Rb8 52.Rxb3 Rxb3+ 53.Kxb3 Kd6 54.Kc3 Ke5 55.Kd2 Kf4 56.Ke2 e3
57.Kf1 Kf3 58.Ke1 e2 59.Kd2 Kf2 60.Kd3 e1=Q 61.Kd4 Qa5 62.Kc4 Qd5+ 63.Kc3 Ke3
64.Kc2 Qc6+ 65.Kb3 Qc5 66.Ka4 Kd3 67.Kb3 Qb5+  0-1

[Event "SVK-ch U16"]
[Site "Ivanka pri Dunaji"]
[Date "1999.??.??"]
[Round "3"]
[White "Hlas, Jan"]
[Black "Markos, Jan"]
[Result "0-1"]
[WhiteElo "2095"]
[BlackElo "2178"]

1.c4 Nf6 2.Nf3 e6 3.Nc3 c5 4.g3 b6 5.Bg2 Bb7 6.O-O Be7 7.d4 cxd4 8.Nxd4 Bxg2
9.Kxg2 O-O 10.e4 Qc7 11.Qd3 Nc6 12.Bf4 Ne5 13.Bxe5 Qxe5 14.Nf3 Qc7 15.Rfd1 d6
16.Nd4 a6 17.Nc2 Rac8 18.Ne3 Nd7 19.Rac1 Qb7 20.f3 g6 21.Qe2 f5 22.exf5 gxf5
23.Nxf5 Rxf5 24.Qxe6+ Rf7 25.Rd4 Qxf3+ 26.Kg1  0-1

[Event "Kharkov"]
[Site "Kharkov"]
[Date "1999.??.??"]
[Round "10"]
[White "Gasanov, Eldar"]
[Black "Nedobora, Mikhail"]
[Result "0-1"]
[WhiteElo "2369"]
[BlackElo "2465"]

1.c4 c5 2.Nf3 Nf6 3.Nc3 b6 4.e4 d6 5.d4 cxd4 6.Nxd4 Bb7 7.Qe2 Nc6 8.Nxc6 Bxc6
9.Bg5 e6 10.O-O-O Qc8 11.Bxf6 gxf6 12.Kb1 Bb7 13.f4 Qc5 14.Nb5 a6 15.Nd4 Rc8
16.a3 h5 17.h4 Rg8 18.Rg1 Rg3 19.b4 Qc7 20.Kb2 b5 21.Qf2 Rg4 22.Be2 bxc4
23.Bxg4 c3+ 24.Kc1 hxg4 25.Rge1 Qc4 26.Qe2 c2 27.Nxc2 Qa2 28.Qd3 g3 29.Re2 d5
30.exd5 Bxd5 31.Qxd5 Rxc2+ 32.Rxc2 Qxa3+ 33.Kb1 exd5 34.Rc8+ Kd7 35.Rdc1 Qxb4+
36.Ka1 Bd6 37.h5 Bxf4  0-1

[Event "Klatovy op-A"]
[Site "Klatovy"]
[Date "1999.??.??"]
[Round "1"]
[White "Jurek, Josef"]
[Black "Slajs, Vlastimil"]
[Result "1-0"]
[WhiteElo "2362"]
[BlackElo "2132"]

1.c4 Nf6 2.Nc3 c5 3.Nf3 e6 4.e4 d5 5.exd5 exd5 6.d4 cxd4 7.Nxd4 Be7 8.cxd5 Nxd5
9.Bb5+ Kf8 10.O-O Nxc3 11.bxc3 Bd7 12.Qf3 Bxb5 13.Ne6+  1-0

[Event "Klatovy op-A"]
[Site "Klatovy"]
[Date "1999.??.??"]
[Round "9"]
[White "Lechtynsky, Jiri"]
[Black "Simacek, Pavel"]
[Result "1/2-1/2"]
[WhiteElo "2358"]
[BlackElo "2380"]

1.Nf3 Nf6 2.c4 c5 3.Nc3 b6 4.g3 Bb7 5.Bg2 e6 6.O-O Be7 7.d4 cxd4 8.Qxd4 d6
9.Rd1 a6 10.b3 Nbd7 11.e4 Qb8 12.Ba3 Nc5 13.e5 dxe5 14.Qxe5 Ncd7 15.Qxb8+ Rxb8
16.Bb2 b5 17.cxb5 axb5 18.Nxb5 Bxf3 19.Bxf3 Rxb5 20.Bxf6 Bxf6 21.Bc6 Rc5
22.Bxd7+ Ke7 23.Rab1 Rd8 24.Ba4 Rc2 25.Rxd8 Kxd8 26.Rd1+ Ke7  1/2-1/2

[Event "La Bordeta op"]
[Site "La Bordeta"]
[Date "1999.??.??"]
[Round "6"]
[White "Vidarte Morales, Arturo"]
[Black "Alonso, Jonathan"]
[Result "0-1"]
[WhiteElo "2420"]
[BlackElo "2205"]

1.c4 Nf6 2.Nc3 c5 3.Nf3 g6 4.d4 cxd4 5.Nxd4 Bg7 6.e4 d6 7.Be3 Ng4 8.Nc2 Nxe3
9.Nxe3 O-O 10.Qd2 Nc6 11.Bd3 Be6 12.O-O Rc8 13.f4 Na5 14.b3 b5 15.Nxb5 Bxa1
16.Rxa1 Nc6 17.Rf1 a6 18.Nc3 Bd7 19.Kh1 Kg7 20.Qb2 a5 21.Ncd5+ f6 22.Rd1 Rb8
23.Nc3 Nb4 24.Be2 Qe8 25.h3 Na6 26.e5 dxe5 27.fxe5 a4 28.Ncd5 Be6 29.Nf4 Bg8
30.Ng4 Rb6 31.Bf3 axb3 32.axb3 Nc7 33.Qc3 h5 34.Ne3 Qc8 35.b4 Rd8 36.Rf1 Qd7
37.c5 Ra6 38.Rd1 Qe8 39.Rf1 Nb5 40.Qb2 Nd4 41.Bb7 Ra2 42.Qb1 fxe5 43.Nxh5+ gxh5
44.Qe4 Qg6 45.Qxe5+ Kh6 46.Be4 Qg7 47.Qc7 Rf8 48.Rxf8 Qxf8 49.Qe5 Qf6 50.Qxd4 Ra1+
51.Kh2 Qf4+ 52.g3 Qf2+  0-1